Belt and Road Initiative - New Challenges in Trade and Finance of China and Slovakia
Analýza hospodárskej spolupráce Slovenska a Číny. Význam BRI (Belt and Road Initiative) pre slovenskú ekonomiku. Tradičné obchodné financovanie a platobné nástroje na Slovensku a v Číne. Inovácie v obchodnom financovaní a platobných nástrojoch na Slovensku a v Číne.
Salvato in:
| Autore principale: | |
|---|---|
| Natura: | Capitolo di libro |
| Lingua: | inglese |
| Soggetti: | |
| Tags: |
Nessun Tag, puoi essere il primo ad aggiungerne!!
|
MARC
| LEADER | 00000naa$a2200000$$$4500 | ||
|---|---|---|---|
| 001 | 0258387 | ||
| 005 | 20240502083734.3 | ||
| 041 | 0 | |a eng | |
| 044 | |a HU | ||
| 245 | 1 | 0 | |a Belt and Road Initiative - New Challenges in Trade and Finance of China and Slovakia |c Eva Jančíková |
| 520 | |a Analýza hospodárskej spolupráce Slovenska a Číny. Význam BRI (Belt and Road Initiative) pre slovenskú ekonomiku. Tradičné obchodné financovanie a platobné nástroje na Slovensku a v Číne. Inovácie v obchodnom financovaní a platobných nástrojoch na Slovensku a v Číne. | ||
| 610 | 2 | 0 | |a inštitúcie finančné |
| 610 | 2 | 0 | |a ekonómia medzinárodná |
| 610 | 2 | 0 | |a Čína |
| 610 | 2 | 0 | |a Slovensko |
| 100 | 1 | |a Jančíková, Eva, 1960- | |